| 000 | 00413nam a22001217a 4500 | ||
|---|---|---|---|
| 082 | _a220 PRO | ||
| 100 |
_aTAIMUR MEHMOOD, ZEESHAN ZAFAR,BILAL BHATTI, _970990 |
||
| 245 | _aPR-SOF-1400-DENTAL BIOMETRICS HUMAN IDENTIFICATION BASED ON DENTAL WORK INFORMATION | ||
| 260 |
_aISLAMABAD _bNUST COLLEGE OF EME _c2014 |
||
| 650 |
_aDE-COMP-32 _970991 |
||
| 700 |
_aDR SHOAB AHMED KHAN, DR USMAN AKRAM _970992 |
||
| 942 | _cCR | ||
| 999 |
_c577752 _d577752 |
||